The theory of everything : the origin and fate of the universe (Record no. 197182)

MARC details
000 -LEADER
fixed length control field 00471nam a2200181Ia 4500
003 - CONTROL NUMBER IDENTIFIER
control field OSt
005 - DATE AND TIME OF LATEST TRANSACTION
control field 20250127143730.0
008 - FIXED-LENGTH DATA ELEMENTS--GENERAL INFORMATION
fixed length control field 231217s9999 xx 000 0 und d
020 ## - INTERNATIONAL STANDARD BOOK NUMBER
International Standard Book Number 9798179925910
040 ## - CATALOGING SOURCE
Transcribing agency 0
041 ## - LANGUAGE CODE
Language code of text/sound track or separate title English
082 ## - DEWEY DECIMAL CLASSIFICATION NUMBER
Classification number 523.1 HAW;1 R
100 ## - MAIN ENTRY--PERSONAL NAME
Personal name Hawking, Stephen W.
245 #4 - TITLE STATEMENT
Title The theory of everything : the origin and fate of the universe
260 ## - PUBLICATION, DISTRIBUTION, ETC.
Date of publication, distribution, etc. 2007
Name of publisher, distributor, etc. Jaico Publishing
Place of publication, distribution, etc. Mumbai
300 ## - PHYSICAL DESCRIPTION
Extent viii, 132
942 ## - ADDED ENTRY ELEMENTS (KOHA)
Koha item type Books
Source of classification or shelving scheme Dewey Decimal Classification
Holdings
Date last seen Total checkouts Full call number Accession number Price effective from Category Lost status Damaged status Department Withdrawn status Home library Current library Shelving location Entry date Grants Currency symbol Conversion rate Discount Old discount
26/01/2024   523.1 HAW;1 R 90445 26/01/2024 Books     Central Library   Central Library Central Library Central Library 25/04/2016 DONATED RS 1    

© For any Suggestions or Query, please contact the library staff @ librarian@pes.edu or Phone: +9180 2672 1983/ 2108.